000 00291nam a22001337a 4500
008 170512b xxu||||| |||| 00| 0 eng d
020 _a9780321106957
041 _aeng
080 _a34(7/8)
100 _a15
101 _aSHH
245 _aAMERICAN DESTINY
_cCARNES, M.C
942 _2udc
_cBK
999 _c13324
_d13324